[Event "Steinfurt Bezirksliga 1718"]
[Site "Germany"]
[Date "2018.02.24"]
[Round "5.1"]
[White "Bilecen, Simon"]
[Black "Merschkoetter, Peter"]
[Result "1-0"]
[WhiteElo "1609"]
[BlackElo "1645"]
[PlyCount "87"]
[EventDate "2017.09.23"]
[EventType "team-tourn"]
[EventRounds "7"]
[EventCountry "GER"]
[SourceTitle "EXT 2019"]
[Source "ChessBase"]
[SourceDate "2018.10.10"]
[SourceVersion "1"]
[SourceVersionDate "2018.10.10"]
[SourceQuality "1"]
[WhiteTeam "Emsdetten Rochade V"]
[BlackTeam "Reckenfeld"]
[WhiteTeamCountry "GER"]
[BlackTeamCountry "GER"]

1. e4 e5 2. Nf3 Nc6 3. Bc4 Nf6 4. d3 Be7 5. 0-0 0-0 6. Nbd2 d6 7. c3 Na5 8. Bb5 Bd7 9. a4 c5 10. Bxd7 Nxd7 11. b4 Nc6 12. Rb1 b6 13. Nc4 Nf6 14. Bg5 Rc8 15. b5 Nb8 16. Bxf6 Bxf6 17. Ne3 Nd7 18. Qb3 Be7 19. Ra1 Nf6 20. Ra2 Qd7 21. Rfa1 Qe6 22. c4 Rb8 23. a5 Bd8 24. axb6 Bxb6 25. Nd2 Rb7 26. Nb1 Rfb8 27. Nc3 g6 28. h3 Qc8 29. Ncd5 Nxd5 30. Nxd5 Kg7 31. Qd1 f5 32. f4 exf4 33. Nxf4 Rf7 34. Qe2 Qe8 35. exf5 Rxf5 36. Nd5 Re5 37. Qf2 Rb7 38. Qf6+ Kh6 39. Qxd6 Rd7 40. Qf6 Re1+ 41. Rxe1 Qxe1+ 42. Kh2 Bd8 43. Qf8+ Kh5 44. g4+ 1-0

[Event "Steinfurt Bezirksliga 0809"]
[Site "Germany"]
[Date "2008.09.27"]
[Round "1.6"]
[White "Merschkoetter, Peter"]
[Black "Reimann, Tanja"]
[Result "1/2-1/2"]
[WhiteElo "1561"]
[BlackElo "1254"]
[PlyCount "31"]
[EventDate "2008.09.27"]
[EventType "team-tourn"]
[EventRounds "9"]
[EventCountry "GER"]
[SourceTitle "EXT 2010"]
[Source "ChessBase"]
[SourceDate "2010.11.25"]
[SourceVersion "1"]
[SourceVersionDate "2010.11.25"]
[SourceQuality "1"]
[WhiteTeam "Reckenfeld"]
[BlackTeam "Emsdetten Turm III"]
[WhiteTeamCountry "GER"]
[BlackTeamCountry "GER"]

1. e4 e6 2. d4 d5 3. exd5 exd5 4. Nf3 c5 5. Bb5+ Bd7 6. Bxd7+ Nxd7 7. 0-0 cxd4 8. Qxd4 Ngf6 9. Re1+ Be7 10. Nc3 Nb6 11. Qb4 Qd7 12. Bg5 Kf8 13. Qd4 Rc8 14. Rad1 h6 15. Bh4 g5 16. Bg3 1/2-1/2

[Event "Steinfurt Bezirksliga 0708"]
[Site "Germany"]
[Date "2008.01.19"]
[Round "5.7"]
[White "Znidar, Hans"]
[Black "Merschkoetter, Peter"]
[Result "0-1"]
[WhiteElo "1560"]
[BlackElo "1608"]
[PlyCount "52"]
[EventDate "2007.09.22"]
[EventType "team-tourn"]
[EventRounds "9"]
[EventCountry "GER"]
[SourceTitle "EXT 2009"]
[Source "ChessBase"]
[SourceDate "2008.11.26"]
[SourceVersion "1"]
[SourceVersionDate "2008.11.26"]
[SourceQuality "1"]
[WhiteTeam "Rheine Klein Berlin II"]
[BlackTeam "Reckenfeld"]
[WhiteTeamCountry "GER"]
[BlackTeamCountry "GER"]

1. d4 Nf6 2. c4 g6 3. Nc3 d5 4. cxd5 Nxd5 5. e4 Nxc3 6. bxc3 Bg7 7. Be3 c5 8. Rc1 Qa5 9. Qd2 cxd4 10. Bxd4 Bxd4 11. Qxd4 0-0 12. Bc4 Qg5 13. Qe3 Qxg2 14. Qf3 Bh3 15. Kd2 Qxf3 16. Nxf3 Bg2 17. Ke3 Bxh1 18. Rxh1 e6 19. Rd1 Kg7 20. e5 Rc8 21. Kd3 Rd8+ 22. Nd4 Nc6 23. f4 a6 24. a4 Nxd4 25. cxd4 Rxd4+ 26. Kxd4 Rd8+ 0-1

[Event "Steinfurt Bezirksliga 0708"]
[Site "Germany"]
[Date "2007.09.22"]
[Round "1.7"]
[White "Sandmann, Matthias"]
[Black "Merschkoetter, Peter"]
[Result "0-1"]
[WhiteElo "1190"]
[BlackElo "1608"]
[PlyCount "70"]
[EventDate "2007.09.22"]
[EventType "team-tourn"]
[EventRounds "9"]
[EventCountry "GER"]
[SourceTitle "EXT 2009"]
[Source "ChessBase"]
[SourceDate "2008.11.26"]
[SourceVersion "1"]
[SourceVersionDate "2008.11.26"]
[SourceQuality "1"]
[WhiteTeam "Nordwalde II"]
[BlackTeam "Reckenfeld"]
[WhiteTeamCountry "GER"]
[BlackTeamCountry "GER"]

1. e4 e5 2. Nf3 Nf6 3. Nc3 Nc6 4. Bb5 d6 5. d4 exd4 6. Nxd4 Bd7 7. Bg5 Ne5 8. Bxd7+ Nexd7 9. h3 Be7 10. Nf5 0-0 11. f4 Kh8 12. Qd4 c5 13. Qf2 Ng8 14. Bxe7 Nxe7 15. Nxd6 Qc7 16. Nc4 Nb6 17. Ne5 a6 18. Rd1 f6 19. Ng4 Ng6 20. 0-0 Rae8 21. h4 Qc6 22. h5 Ne7 23. f5 h6 24. Qf4 Ng8 25. Rf3 Nc4 26. Rg3 Ne5 27. Nxe5 Rxe5 28. Nd5 Qa4 29. Nxf6 gxf6 30. Rxg8+ Kxg8 31. Qxh6 Qe8 32. Rd3 Rxf5 33. Rg3+ Rg5 34. Rxg5+ fxg5 35. Qxg5+ Kh7 0-1

[Event "Steinfurt Bezirksliga 0506"]
[Site "Germany"]
[Date "2005.11.19"]
[Round "3.5"]
[White "Winter, Reinhold"]
[Black "Merschkoetter, Peter"]
[Result "0-1"]
[WhiteElo "1521"]
[BlackElo "1587"]
[PlyCount "157"]
[EventDate "2005.09.24"]
[EventType "team-tourn"]
[EventRounds "9"]
[EventCountry "GER"]
[SourceTitle "EXT 2006"]
[Source "ChessBase"]
[SourceDate "2005.11.24"]
[SourceVersion "1"]
[SourceVersionDate "2005.11.24"]
[SourceQuality "1"]
[WhiteTeam "Neuenkirchen II"]
[BlackTeam "Reckenfeld"]
[WhiteTeamCountry "GER"]
[BlackTeamCountry "GER"]

1. c4 c5 2. Nc3 Nc6 3. g3 g6 4. Bg2 Bg7 5. e3 e6 6. Nge2 Nge7 7. 0-0 a6 8. d4 cxd4 9. Nxd4 Qc7 10. b3 0-0 11. Bb2 Rb8 12. Qd2 b6 13. Rfd1 Nxd4 14. exd4 b5 15. cxb5 axb5 16. Rac1 Qb6 17. Rc2 d5 18. Ne2 Bd7 19. Rdc1 Rfc8 20. Rc5 Rc6 21. b4 Rbc8 22. a3 Nf5 23. Bh3 Bh6 24. f4 Nd6 25. Rxc6 Rxc6 26. Rxc6 Qxc6 27. Qc3 Qc4 28. Bf1 Bg7 29. Nc1 Ne4 30. Bxc4 Nxc3 31. Bxc3 dxc4 32. Kf2 Kf8 33. Ke3 Ke7 34. Ne2 Kd6 35. Bb2 f6 36. Nc3 Bc6 37. Ne4+ Ke7 38. Nc5 Kd6 39. Ne4+ Bxe4 40. Kxe4 f5+ 41. Ke3 Kd5 42. h4 Bf6 43. Bc3 h6 44. Bb2 g5 45. hxg5 hxg5 46. Bc3 gxf4+ 47. gxf4 Bh4 48. Kf3 Bf6 49. Ke3 Bd8 50. Bb2 Bc7 51. Bc3 Bb6 52. Bb2 c3 53. Bxc3 Kc4 54. Bb2 Ba7 55. Ba1 Kb3 56. Kd3 Bb8 57. d5 exd5 58. Kd4 Bxf4 59. Kxd5 Kxa3 60. Ke6 Kxb4 61. Kxf5 Bd2 62. Bf6 Kc4 63. Be7 Be3 64. Ke4 Bc5 65. Bf6 b4 66. Bg7 b3 67. Bb2 Bb4 68. Ke3 Bc3 69. Ba3 Bf6 70. Kd2 Bg5+ 71. Kd1 Kc3 72. Bd6 Kb2 73. Be5+ Kb1 74. Bd4 Bc1 75. Be5 Bb2 76. Bd6 Ka2 77. Kd2 Bf6 78. Bb4 b2 79. Bc3 0-1